000 00849nmm a2200265 a 4500
001 ocm000597332
003 TR-IsHL
005 20201028134048.0
008 131121s2005 tu tur
007 cr cn
020 _a9789758525591
035 _a597332
_b(N$T)
050 0 4 _aHD30.26
_b.B37 2005
090 0 4 _aHD30.26
_b.B37 2005
100 1 _aBaştürk, Rabi
245 1 0 _aKişi, kurum, kuruluş ve devlet yönetim sanatı
_h[electronic resource] /
_cRabi Baştürk
260 _aİstanbul :
_bArı Sanat Yayınları,
_c2005
300 _a214 p.
650 4 _aİşletme ve Yönetim
650 4 _aBusiness and Management
650 0 _aYönetim
650 0 _aManagement
650 7 _aBUSINESS & ECONOMICS / Management
_2bisacsh
856 4 0 _uhttp://search.ebscohost.com/login.aspx?direct=true&scope=site&db=e011xww&AN=597332
999 _c5984
_d5984